Statistics for Biggest Cities in British Columbia

Click here to take the quiz!

General Stats

  • This quiz has been taken 335 times
    (175 since last reset)
  • The average score is 13 of 21

Answer Stats

PopulationCity% Correct
603,502Vancouver
99%
80,017Victoria
92%
468,251Surrey
82%
117,312Kelowna
81%
85,678Kamloops
77%
133,497Abbotsford
74%
71,974Prince George
74%
190,473Richmond
74%
223,218Burnaby
72%
83,810Nanaimo
68%
48,196North Vancouver
65%
126,840Coquitlam
63%
99,863Delta
50%
77,936Chilliwack
47%
38,150Vernon
45%
55,958Port Coquitlam
44%
32,877Penticton
42%
65,976New Westminster
39%
76,052Maple Ridge
38%
31,186Campbell River
22%
32,975Port Moody
22%

Score Distribution

Percentile by Number Answered

Percent of People with Each Score

Your Score History

You have not taken this quiz since the last reset